<?xml version='1.0' encoding='UTF-8'?>
  <record xmlns="http://www.loc.gov/MARC21/slim">
    <leader>00000cam a22000007i 4500</leader>
    <controlfield tag="001">ocm65127038</controlfield>
    <controlfield tag="003">OCoLC</controlfield>
    <controlfield tag="005">20240729212726.1</controlfield>
    <controlfield tag="008">891229s1666    ne            000 0 dut d</controlfield>
    <datafield tag="040" ind1=" " ind2=" ">
      <subfield code="a">NLGGC</subfield>
      <subfield code="b">dut</subfield>
      <subfield code="e">fobidrtb</subfield>
      <subfield code="c">NLGGC</subfield>
      <subfield code="d">OCLCO</subfield>
      <subfield code="d">OCLCA</subfield>
      <subfield code="d">OCLCQ</subfield>
      <subfield code="d">OCLCL</subfield>
      <subfield code="d">OCLCQ</subfield>
    </datafield>
    <datafield tag="029" ind1="0" ind2=" ">
      <subfield code="a">NLGGC</subfield>
      <subfield code="b">058902589</subfield>
    </datafield>
    <datafield tag="035" ind1=" " ind2=" ">
      <subfield code="a">(OCoLC)65127038</subfield>
    </datafield>
    <datafield tag="082" ind1="0" ind2="4">
      <subfield code="a">949.23</subfield>
      <subfield code="q">OCoLC</subfield>
    </datafield>
    <datafield tag="245" ind1="0" ind2="0">
      <subfield code="a">Historie der vermaerde zee- en koop-stadt Enkhuisen, vervaetende haere herkomste, en voortgangh, mitsgaders verscheide gedenkwaerdige geschiedenissen, aldaer voorgevallen /</subfield>
      <subfield code="c">[door Geeraert Brandt] ; uitgeg. metgoedtvinden van de ed. achtbaere burgemeesteren en wethouderen der selve stede, door Egbert van den Hoof.</subfield>
    </datafield>
    <datafield tag="246" ind1="3" ind2=" ">
      <subfield code="a">Historie van Enkhuisen</subfield>
    </datafield>
    <datafield tag="260" ind1=" " ind2=" ">
      <subfield code="a">t' Enkhuisen :</subfield>
      <subfield code="b">gedrukt bij Egbert van den Hoof,</subfield>
      <subfield code="c">1666.</subfield>
    </datafield>
    <datafield tag="300" ind1=" " ind2=" ">
      <subfield code="a">XII, 207, 167, XVI p. :</subfield>
      <subfield code="b">ill. ;</subfield>
      <subfield code="c">21 cm (4-o)</subfield>
    </datafield>
    <datafield tag="336" ind1=" " ind2=" ">
      <subfield code="a">tekst</subfield>
      <subfield code="b">txt</subfield>
      <subfield code="2">rdacontent/dut</subfield>
    </datafield>
    <datafield tag="337" ind1=" " ind2=" ">
      <subfield code="a">zonder medium</subfield>
      <subfield code="b">n</subfield>
      <subfield code="2">rdamedia/dut</subfield>
    </datafield>
    <datafield tag="338" ind1=" " ind2=" ">
      <subfield code="a">band</subfield>
      <subfield code="b">nc</subfield>
      <subfield code="2">rdacarrier/dut</subfield>
    </datafield>
    <datafield tag="500" ind1=" " ind2=" ">
      <subfield code="a">In alle exemplaren zijn de ill. onvolledig.</subfield>
    </datafield>
    <datafield tag="500" ind1=" " ind2=" ">
      <subfield code="a">Titel op titelgravure: Historie van Enkhuisen.</subfield>
    </datafield>
    <datafield tag="500" ind1=" " ind2=" ">
      <subfield code="a">Zie ook: Namen van alle de heeren schouten, burgermeesteren, schepenen, raden ende vroedschappen ..., zijnde ten meerendele een vervolg op de Historie van Enchuysen.</subfield>
    </datafield>
    <datafield tag="504" ind1=" " ind2=" ">
      <subfield code="a">Met reg.</subfield>
    </datafield>
    <datafield tag="530" ind1=" " ind2=" ">
      <subfield code="a">Titel is geselecteerd voor digitalisering voor de Universiteit van Leiden in het kader van het Google Books-project.</subfield>
    </datafield>
    <datafield tag="700" ind1="1" ind2=" ">
      <subfield code="a">Brandt, Gerard</subfield>
      <subfield code="q">(Geeraert),</subfield>
      <subfield code="d">1626-1685.</subfield>
      <subfield code="1">https://id.oclc.org/worldcat/entity/E39PBJjHgpm8gJj3x9Yb44ryVC</subfield>
    </datafield>
    <datafield tag="700" ind1="1" ind2=" ">
      <subfield code="a">Hoof, Egbert van den,</subfield>
      <subfield code="d">fl. 1655-1672.</subfield>
      <subfield code="1">https://id.oclc.org/worldcat/entity/E39PCjMw4BQPpBV6pB36cVhfv3</subfield>
    </datafield>
    <datafield tag="776" ind1="0" ind2=" ">
      <subfield code="t">Historie der vermaerde zee- en koop-stadt Enkhuisen, vervaetende haere herkomste, en voortgangh, mitsgaders verscheide gedenkwaerdige geschiedenissen, aldaer voorgevallen</subfield>
      <subfield code="w">(NL-LeOCL)411388711</subfield>
    </datafield>
    <datafield tag="936" ind1=" " ind2=" ">
      <subfield code="a">BATCHLOAD</subfield>
    </datafield>
  </record>